000 01037cam a22002535a 4500
005 20081020032651.0
008 081003s2008 ii ab b 001 0 eng
010 _aENG-92618
020 _a9788175346666
_c95.00
035 _aEN-76151
037 _bDBAD / PUB
040 _adpl
_bEnglish
082 _a342.54092
100 _aKirby, Michael
245 _aH.M. Seervai:
_cby Michael Kirby
_bDoyen of Indian Constitutional Law /
260 _aDelhi
_bUniversal Law Publishing
_c2008
270 _aC-FF-1A, Dilkhush Indusstria Estate, (Opp. Hans Cinema, Azadpur) G.T. Karnal Road,
_bDelhi
_e110033
300 _avii, 71p.
_c22cm (pbk)
600 _aSeervai, H.M. (Hormasji Maneckji), 1906-1996
_xBiography.
650 _aConstitutional law
_zIndia.
710 _aGeological Society of India.
942 _2ddc
_cEN
_mKIR
_h342.54092
999 _c22449
_d22449